00770nam a2200241Ia 450000100060000000300090000600800410001504000130005604000130006904100130008210000190009510000290011424500310014324500730017425000110024726000090025826000100026726000490027730000570032650000870038365000270047065000310049748463IT-RoPAU130308s9999 xx 000 0 und d aIT-RoPAU cIT-RoPAU aITALIANO aDelfrati Carlo gCodice Aut. SPICS: 7377 aEducazione musicale (C.D.) bNuovi programmi di Educazione Musicale nella Scuola dell'obbligo (I) a1a ed. aROMA bCidim c1984 [1° Ed.:1984 - Ed.Ling.Originale:1979] a"13 p. (prefazione: no ; testo: 13 [pagine: 21-33])" aEsperienza Musicale Come Coscienza della Realtà Musica Come Realizzazione di Se' aEDUCAZIONE ALLA MUSICA eCodice materia Spics: 7012